00458nam a2200181Ia 4500003000900000008004100009040001300050040001300063041000800076100002200084100000900106245011400115250000900229260000900238300001100247300001200258490000600270IT-RoPAU120407s9999 xx 000 0 und d aIT-RoPAU cIT-RoPAU aita aAlberto Michelini ccur. aGiovanni Paolo II all’Europa. Rassegna dei messaggi rivolti dal Papa all’Europa. A cura di A. Michelini.  aRoma c1989 a199 p. c21,1 cm v1